00282nam a2200121Ia 4500008004100000100001700041245002100058260003600079300000900115650001200124942000700136999001700143190216s9999||||xx |||||||||||||| ||und|| aHarben Singh 0aDomestic Animals bNational Book Trust Indiac1966 a155p aZoology cBK c37309d37309